Loading...
| History - Other | 0 | 5 | 0 | 0 | 50 | 74 | 93.40 | 0 | 1 | 11.76 | 23.97 |
| Fine Arts - Painting and Sculpture | 0 | 5 | 1 | 1 | 45 | 84 | 98.20 | 0 | 0 | 8.53 | 13.14 |
| History - American | 0 | 4 | 0 | 0 | 40 | 12 | 61.25 | 1 | 2 | 18.83 | 26.86 |
| Social Science | 0 | 4 | 0 | 2 | 40 | 81 | 98.25 | 0 | 0 | 6.89 | 16.28 |
| Religion | 0 | 4 | 0 | 0 | 40 | 98 | 105.75 | 0 | 1 | 6.30 | 17.69 |
| History - European | 0 | 4 | 1 | 1 | 35 | 77 | 106.50 | 0 | 0 | 4.51 | 9.34 |
| Fine Arts - Other | 0 | 3 | 0 | 1 | 30 | 80 | 100.00 | 1 | 2 | 5.58 | 19.83 |
| Fine Arts - Classical Music | 0 | 2 | 0 | 0 | 20 | 41 | 72.00 | 2 | 2 | 7.23 | 18.18 |
| Science - Other | 0 | 2 | 0 | 2 | 20 | 120 | 122.00 | 0 | 0 | 0.00 | 1.74 |
| Literature - World | 0 | 1 | 0 | 0 | 10 | 92 | 92.00 | 0 | 1 | 3.20 | 6.36 |
| Other Academic | 0 | 1 | 0 | 0 | 10 | 72 | 72.00 | 0 | 1 | 12.99 | 26.67 |
| Popular Culture | 0 | 1 | 0 | 0 | 10 | 36 | 36.00 | 0 | 1 | 24.64 | 30.00 |
| History - World | 0 | 2 | 2 | 1 | 10 | 82 | 94.50 | 0 | 1 | 4.96 | 9.67 |
| Science - Biology | 0 | 1 | 0 | 1 | 10 | 104 | 104.00 | 0 | 0 | 0.17 | 2.73 |
| Geography | 0 | 1 | 0 | 0 | 10 | 59 | 59.00 | 1 | 1 | 27.48 | 50.00 |
| Mythology | 0 | 1 | 0 | 1 | 10 | 122 | 122.00 | 0 | 0 | 0.49 | 1.82 |
| Science - Chemistry | 0 | 1 | 1 | 0 | 5 | 122 | 122.00 | 0 | 0 | 0.36 | 2.48 |
| Science - Physics | 0 | 1 | 1 | 0 | 5 | 120 | 120.00 | 0 | 0 | 0.22 | 3.64 |